|
|
|
|
| LEADER |
00000nam a2200000 a 4500 |
| 001 |
vtls001328071 |
| 003 |
SK-MaSNL |
| 005 |
20260301065810.0 |
| 008 |
240313s1977 xx 0 und |
| 035 |
|
|
|a SNK000280887
|
| 040 |
|
|
|a SNK
|b slo
|c SNK
|e AACR2
|
| 100 |
1 |
|
|a Busse, Gisela von
|4 aut
|9 385060
|
| 245 |
1 |
|
|a Struktur und Organisation des wissenschaftlichen Bibliothekswesens in der Bundesrepublik Deutschland
|b Entwicklungen 1945 bis 1975
|
| 260 |
|
|
|a Wiesbaden
|b Otto Harrassowitz
|c 1977
|
| 300 |
|
|
|a 890 s.
|
| 958 |
|
|
|a OND
|
| 999 |
|
|
|c 632017
|d 633947
|
| 952 |
|
|
|t P60, <04>, [BOOK], {604}
|a SNK
|b SNK
|y VYP
|7 0
|p 17A0095801
|o snkIC 75189
|0 0
|1 0
|4 0
|d 1998-04-17
|l 0
|r 2005-01-02 00:00:00
|w 2026-02-23
|